भारत के दलित मुसलमान; (Record no. 210475)

MARC details
000 -LEADER
fixed length control field 00882nam a22001937a 4500
005 - DATE AND TIME OF LATEST TRANSACTION
control field 20250325143641.0
010 ## - LCCN (DPL NO)
LC control number HIN-129544
020 ## - INTERNATIONAL STANDARD BOOK NUMBER
International Standard Book Number 9789387635494 ( खण्ड-2)
035 ## - SYSTEM CONTROL NUMBER
System control number HN-101890
037 ## - SOURCE OF ACQUISITION
Source of stock number/acquisition DBAD
082 ## - DEWEY DECIMAL CLASSIFICATION NUMBER
Classification number 305.562
100 ## - MAIN ENTRY--PERSONAL NAME
Personal name राईन, अयुब
245 ## - TITLE STATEMENT
Title भारत के दलित मुसलमान;
Statement of responsibility, etc अयुब राईन
Remainder of title शोध एवं विश्लेषण/
260 ## - PUBLICATION, DISTRIBUTION, ETC. (IMPRINT)
Place of publication, distribution, etc नई दिल्ली
Name of publisher, distributor, etc आखर प्रकाशन
Date of publication, distribution, etc 2018
270 ## - ADDRESS
Address मुहाल्ला - मिर्जापुर (सकमापुर), पो. -लालबाग
City दरभंगा
Postal code 846004
Telephone number 9934068072
Electronic mail address draiyubrayeen@gmail.com
300 ## - PHYSICAL DESCRIPTION
Extent 232पृ.
Dimensions 22.8 सेमी (सजिल्द )
490 ## - SERIES STATEMENT
Series statement खण्ड-2
942 ## - ADDED ENTRY ELEMENTS (KOHA)
Source of classification or shelving scheme Dewey Decimal Classification
Item type Hindi Books
Classification part 305.562
Call number suffix राईन
Edition खण्ड-2
Holdings
Withdrawn status Lost status Not for loan Collection code Home library Current library Date acquired Source of acquisition Cost, normal purchase price Full call number Barcode Copy number Cost, replacement price Koha item type
      Non-fiction RC3 Shakur Pur RC3 Shakur Pur 25/03/2025 DBAD 400.00 305.562 राईन HN-101890 1 400.00 Hindi Books

© Delhi Public Library
Hit Counter
free hit counter